[Event "CZE-chT2A 2223"]
[Site "Czech Republic"]
[Date "2023.01.08"]
[Round "6.7"]
[White "Talpa, Pavel"]
[Black "Cermakova, Laura"]
[Result "1/2-1/2"]
[WhiteElo "1845"]
[BlackElo "1282"]
[PlyCount "35"]
[EventDate "2022.10.16"]
[EventType "team-tourn"]
[EventRounds "11"]
[EventCountry "CZE"]
[SourceTitle "EXT 2024"]
[Source "ChessBase"]
[SourceDate "2023.10.10"]
[SourceVersion "1"]
[SourceVersionDate "2023.10.10"]
[SourceQuality "1"]
[WhiteTeam "Unichess"]
[BlackTeam "Budejovice"]
[WhiteTeamCountry "CZE"]
[BlackTeamCountry "CZE"]

1. d4 Nf6 2. e3 d6 3. Bd3 g6 4. f4 Bg7 5. Nf3 Nc6 6. c3 0-0 7. 0-0 Bg4 8. h3 Bd7 9. e4 Re8 10. e5 Nd5 11. Qe1 Qc8 12. Be4 Nb6 13. Nbd2 Bf5 14. g4 d5 15. Bxf5 gxf5 16. Qh4 Qe6 17. Ng5 Qg6 18. Qh5 1/2-1/2

[Event "CZE-chT2A 2223"]
[Site "Czech Republic"]
[Date "2022.12.18"]
[Round "5.7"]
[White "Cermakova, Laura"]
[Black "Muron, Miroslav"]
[Result "0-1"]
[WhiteElo "1282"]
[BlackElo "2104"]
[PlyCount "80"]
[EventDate "2022.10.16"]
[EventType "team-tourn"]
[EventRounds "11"]
[EventCountry "CZE"]
[SourceTitle "EXT 2024"]
[Source "ChessBase"]
[SourceDate "2023.10.10"]
[SourceVersion "1"]
[SourceVersionDate "2023.10.10"]
[SourceQuality "1"]
[WhiteTeam "Budejovice"]
[BlackTeam "Praha Dukla"]
[WhiteTeamCountry "CZE"]
[BlackTeamCountry "CZE"]

1. e4 e5 2. Nf3 Nc6 3. Bb5 a6 4. Ba4 d6 5. d3 g6 6. Nc3 Bg7 7. Be3 Nge7 8. Qe2 0-0 9. Bb3 Nd4 10. Bxd4 exd4 11. Nb1 c5 12. Nbd2 b5 13. a3 d5 14. Rb1 Bb7 15. 0-0 c4 16. Ba2 Re8 17. Rfe1 dxe4 18. Nxe4 Nf5 19. Qd1 Qc7 20. Re2 Re7 21. Qf1 Rae8 22. Rbe1 h6 23. b3 cxd3 24. cxd3 Qf4 25. Ned2 Bd5 26. Rxe7 Rxe7 27. Rxe7 Nxe7 28. Qe2 Qd6 29. Nb1 a5 30. Qd2 Bxf3 31. gxf3 b4 32. axb4 axb4 33. Qc1 Nd5 34. Nd2 Nf4 35. Qf1 Qe5 36. Ne4 Qh5 37. Nd2 Qg5+ 38. Kh1 Be5 39. Ne4 Qh5 40. Qg1 Qxf3+ 0-1